[Event "SVK-chT1W 1314"]
[Site "Slovakia"]
[Date "2013.12.15"]
[Round "6.4"]
[White "Pupak, Tomas"]
[Black "Jablonicky, Martin"]
[Result "1/2-1/2"]
[WhiteElo "2016"]
[BlackElo "1967"]
[PlyCount "149"]
[EventDate "2013.10.12"]
[EventType "team-tourn"]
[EventRounds "11"]
[EventCountry "SVK"]
[SourceTitle "EXT 2015"]
[Source "ChessBase"]
[SourceDate "2014.11.20"]
[SourceVersion "1"]
[SourceVersionDate "2014.11.20"]
[SourceQuality "1"]
[WhiteTeam "Dubnica nad Vahom II"]
[BlackTeam "Osuske"]
[WhiteTeamCountry "SVK"]
[BlackTeamCountry "SVK"]

1. Nf3 c5 2. c4 Nc6 3. g3 g6 4. Bg2 Bg7 5. 0-0 d6 6. Nc3 e6 7. e3 Nge7 8. a3 0-0 9. Qc2 Rb8 10. Rb1 a6 11. b4 cxb4 12. axb4 a5 13. bxa5 Qxa5 14. Rb5 Qc7 15. d3 Bd7 16. Bd2 Na7 17. Rb4 b5 18. Rc1 Nec6 19. Rxb5 Nxb5 20. Nxb5 Qd8 21. Nxd6 Nb4 22. Bxb4 Rxb4 23. d4 Ba4 24. Nxf7 Rxf7 25. Qe4 Qc8 26. Ng5 Rc7 27. Bh3 Bd7 28. c5 Bf6 29. Bxe6+ Bxe6 30. Qxe6+ Qxe6 31. Nxe6 Rcb7 32. Kg2 Rb1 33. Rc3 Kf7 34. Nf4 R1b3 35. Rc4 R3b4 36. Rc1 Bxd4 37. c6 Rb8 38. c7 Rc8 39. exd4 Rxd4 40. Rc5 Rd7 41. h4 Rcxc7 42. Ra5 Rd2 43. Ra6 Rcc2 44. Nh3 Ra2 45. Rb6 Rdb2 46. Rc6 h6 47. Rc7+ Ke8 48. Rg7 Ra6 49. Rh7 Kf8 50. Rc7 Rf6 51. Ra7 Rbb6 52. Rc7 Rf7 53. Rc5 Kg7 54. Ra5 Rbf6 55. Rb5 Rf5 56. Rb4 Ra5 57. Rc4 g5 58. hxg5 hxg5 59. Rg4 Kh6 60. f4 Rb7 61. Nxg5 Rb2+ 62. Kh3 Ra1 63. Rh4+ Kg6 64. Kg4 Ra5 65. Ne4 Re2 66. Ng5 Rxg5+ 67. fxg5 Re4+ 68. Kf3 Re5 69. Rh8 Kxg5 70. Rg8+ Kf6 71. g4 Ra5 72. Rf8+ Kg6 73. Rg8+ Kf6 74. Re8 Kg5 75. Rg8+ 1/2-1/2

[Event "SVK-chT1W 1314"]
[Site "Slovakia"]
[Date "2013.12.14"]
[Round "5.6"]
[White "Pupak, Tomas"]
[Black "Kvassay, Peter"]
[Result "1/2-1/2"]
[WhiteElo "2016"]
[BlackElo "2042"]
[PlyCount "82"]
[EventDate "2013.10.12"]
[EventType "team-tourn"]
[EventRounds "11"]
[EventCountry "SVK"]
[SourceTitle "EXT 2015"]
[Source "ChessBase"]
[SourceDate "2014.11.20"]
[SourceVersion "1"]
[SourceVersionDate "2014.11.20"]
[SourceQuality "1"]
[WhiteTeam "Dubnica nad Vahom II"]
[BlackTeam "Povazska Bystrica"]
[WhiteTeamCountry "SVK"]
[BlackTeamCountry "SVK"]

1. Nf3 Nf6 2. g3 d5 3. Bg2 Bf5 4. d3 Nc6 5. 0-0 e5 6. c4 d4 7. b4 e4 8. dxe4 Bxe4 9. b5 Nb4 10. a3 Nc2 11. Ra2 d3 12. exd3 Qxd3 13. Ne5 Qd4 14. Qxd4 Nxd4 15. Bxe4 Nxe4 16. Re1 f5 17. f3 Bd6 18. fxe4 Bxe5 19. Rf2 0-0 20. exf5 Rae8 21. Ref1 g6 22. Bh6 Rxf5 23. Rxf5 Nxf5 24. Bd2 Bd4+ 25. Kh1 Re2 26. Re1 Rf2 27. Bc3 Bc5 28. Nd2 Bxa3 29. Ne4 Rc2 30. Nf6+ Kf7 31. Ne4 Bb2 32. Ng5+ Kf8 33. Nxh7+ Kf7 34. Ng5+ Kf8 35. Ne6+ Kf7 36. Nd8+ Kf8 37. Ne6+ Kf7 38. Nd8+ Kf8 39. Ne6+ Kf7 40. Ng5+ Kf8 41. Ne6+ Kf7 1/2-1/2

[Event "SVK-chT1W 1314"]
[Site "Slovakia"]
[Date "2013.11.16"]
[Round "3.7"]
[White "Pupak, Tomas"]
[Black "Lecky, Juraj"]
[Result "1-0"]
[WhiteElo "2016"]
[BlackElo "1863"]
[PlyCount "71"]
[EventDate "2013.10.12"]
[EventType "team-tourn"]
[EventRounds "11"]
[EventCountry "SVK"]
[SourceTitle "EXT 2015"]
[Source "ChessBase"]
[SourceDate "2014.11.20"]
[SourceVersion "1"]
[SourceVersionDate "2014.11.20"]
[SourceQuality "1"]
[WhiteTeam "Dubnica nad Vahom II"]
[BlackTeam "Levice"]
[WhiteTeamCountry "SVK"]
[BlackTeamCountry "SVK"]

1. Nf3 Nf6 2. c4 g6 3. g3 Bg7 4. Bg2 d5 5. cxd5 Nxd5 6. Nc3 Nc6 7. 0-0 Nb6 8. d3 0-0 9. Be3 e5 10. Qd2 Nd4 11. Bh6 Qe7 12. Bxg7 Kxg7 13. Rac1 c6 14. Qe3 Nxf3+ 15. Bxf3 f5 16. Bg2 Bd7 17. a4 Qd6 18. a5 Nd5 19. Nxd5 cxd5 20. Qc5 Qxc5 21. Rxc5 Bc6 22. Bxd5 Bxd5 23. Rxd5 Kf6 24. Rc1 h5 25. Rc7 Ke6 26. Rcd7 f4 27. R5d6+ Kf5 28. Rxb7 Rab8 29. Rdd7 Kg4 30. Kg2 fxg3 31. hxg3 h4 32. gxh4 Kxh4 33. a6 Rbc8 34. Rdc7 Rcd8 35. Rxa7 Rf4 36. Rc4 1-0

[Event "SVK-chT2B 1213"]
[Site "Slovakia"]
[Date "2013.03.16"]
[Round "10.2"]
[White "Pupak, Tomas"]
[Black "Voros, Gellert"]
[Result "1/2-1/2"]
[WhiteElo "1958"]
[BlackElo "2042"]
[PlyCount "110"]
[EventDate "2012.10.13"]
[EventType "team-tourn"]
[EventRounds "11"]
[EventCountry "SVK"]
[SourceTitle "EXT 2015"]
[Source "ChessBase"]
[SourceDate "2014.11.20"]
[SourceVersion "1"]
[SourceVersionDate "2014.11.20"]
[SourceQuality "1"]
[WhiteTeam "Dubnica nad Vahom II"]
[BlackTeam "Komarno II"]
[WhiteTeamCountry "SVK"]
[BlackTeamCountry "SVK"]

1. Nf3 d5 2. c4 c6 3. g3 Nf6 4. Bg2 Bf5 5. cxd5 Nxd5 6. d3 Bg6 7. 0-0 Nd7 8. Nc3 e6 9. e4 N5f6 10. Qc2 Be7 11. h3 h6 12. Be3 0-0 13. a3 e5 14. b4 Qc8 15. Rfc1 Re8 16. Na4 a6 17. Qb2 Bd6 18. Rc2 Qd8 19. Rac1 Qe7 20. Nc5 Nf8 21. Nd2 Rad8 22. Nc4 Qc7 23. Nxd6 Rxd6 24. f4 Rdd8 25. fxe5 Qxe5 26. Qxe5 Rxe5 27. Bf4 Re7 28. Rc3 Ne6 29. Nxe6 Rxe6 30. g4 Re7 31. Kf2 Red7 32. Ke2 Ne8 33. Bf3 Nd6 34. a4 f6 35. Bxd6 Rxd6 36. Ke3 Rd4 37. Rb1 Bf7 38. Be2 Be8 39. Rc5 Kf7 40. Rb2 Kg6 41. h4 Kf7 42. g5 hxg5 43. hxg5 R4d6 44. Rf5 Bd7 45. Rf4 Rh8 46. gxf6 Rxf6 47. Rxf6+ Kxf6 48. Rb1 Rh3+ 49. Kd4 Rh2 50. Rf1+ Ke7 51. Ke3 g5 52. d4 Rh3+ 53. Rf3 Rh1 54. Rf1 Rh3+ 55. Rf3 Rh1 1/2-1/2

[Event "SVK-chT2B 1213"]
[Site "Slovakia"]
[Date "2013.02.02"]
[Round "7.6"]
[White "Pupak, Tomas"]
[Black "Garban, Mario"]
[Result "1/2-1/2"]
[WhiteElo "1958"]
[BlackElo "1997"]
[PlyCount "97"]
[EventDate "2012.10.13"]
[EventType "team-tourn"]
[EventRounds "11"]
[EventCountry "SVK"]
[SourceTitle "EXT 2015"]
[Source "ChessBase"]
[SourceDate "2014.11.20"]
[SourceVersion "1"]
[SourceVersionDate "2014.11.20"]
[SourceQuality "1"]
[WhiteTeam "Dubnica nad Vahom II"]
[BlackTeam "Prievidza II"]
[WhiteTeamCountry "SVK"]
[BlackTeamCountry "SVK"]

1. e4 e5 2. Nc3 Nc6 3. Bc4 Nf6 4. d3 Na5 5. Nge2 Bc5 6. h3 h6 7. 0-0 Nxc4 8. dxc4 d6 9. Qd3 Be6 10. b3 Nh5 11. Ng3 Nf4 12. Bxf4 exf4 13. Nf5 Qf6 14. Rad1 0-0 15. Nd5 Bxd5 16. cxd5 h5 17. c3 Rfe8 18. Rfe1 a5 19. a4 g6 20. Nd4 Bxd4 21. cxd4 c6 22. dxc6 bxc6 23. Rc1 Rac8 24. Qc3 Qd8 25. Qd2 Qb6 26. Qxf4 Qxd4 27. Red1 Qxe4 28. Qxd6 Re6 29. Qc5 Rb8 30. Rc3 Qb4 31. Qxb4 Rxb4 32. Rd8+ Kg7 33. Rc8 Re1+ 34. Kh2 Re2 35. Rf3 Rb2 36. Rxc6 R2xb3 37. Rxb3 Rxb3 38. Rc5 Rb2 39. Kg3 h4+ 40. Kxh4 Rb4+ 41. Kg3 Rxa4 42. Rc7 Ra3+ 43. Kf4 Ra2 44. Kf3 a4 45. Ra7 Ra1 46. h4 a3 47. g3 Kf6 48. Kf4 Kg7 49. f3 1/2-1/2

[Event "SVK-chT2B 1213"]
[Site "Slovakia"]
[Date "2012.12.01"]
[Round "3"]
[White "Marko, Anton"]
[Black "Pupak, Tomas"]
[Result "1/2-1/2"]
[WhiteElo "2107"]
[BlackElo "1958"]
[PlyCount "90"]
[EventDate "2012.10.13"]
[EventType "team-tourn"]
[EventRounds "11"]
[EventCountry "SVK"]
[SourceTitle "EXT 2015"]
[Source "ChessBase"]
[SourceDate "2014.11.20"]
[SourceVersion "1"]
[SourceVersionDate "2014.11.20"]
[SourceQuality "1"]
[WhiteTeam "Topolcany"]
[BlackTeam "Dubnica nad Vahom II"]
[WhiteTeamCountry "SVK"]
[BlackTeamCountry "SVK"]

1. c4 Nf6 2. Nc3 g6 3. g3 Bg7 4. Bg2 d6 5. e3 0-0 6. Nge2 e5 7. 0-0 c6 8. d4 Qc7 9. b3 a5 10. Bb2 Na6 11. Rc1 Rb8 12. Qd2 Rd8 13. h3 Be6 14. Nd5 Bxd5 15. cxd5 c5 16. dxe5 dxe5 17. Rfd1 Ne8 18. Bc3 b6 19. a4 Nd6 20. Qb2 Qe7 21. e4 f5 22. exf5 gxf5 23. Re1 Nb4 24. Rcd1 e4 25. Nf4 Bxc3 26. Qxc3 Qf7 27. Bf1 Rbc8 28. Ne6 Rd7 29. Nf4 Re8 30. h4 Qg7 31. Re3 Qxc3 32. Rxc3 Rde7 33. Rd2 Kg7 34. Re3 Kf6 35. Be2 Rd8 36. Kh2 Nf7 37. Kg2 Ne5 38. Bb5 Rd6 39. Rd1 Ng4 40. Re2 Ne5 41. Bc4 Nf3 42. Rc1 Ke5 43. h5 Nd4 44. Re3 Kf6 45. Kg1 Nf3+ 1/2-1/2

[Event "SVK-chT1W 1112"]
[Site "Slovakia"]
[Date "2012.01.08"]
[Round "7.8"]
[White "Stetina, Erik"]
[Black "Pupak, Tomas"]
[Result "1/2-1/2"]
[WhiteElo "2042"]
[BlackElo "1968"]
[PlyCount "36"]
[EventDate "2011.10.15"]
[EventType "team-tourn"]
[EventRounds "11"]
[EventCountry "SVK"]
[SourceTitle "EXT 2013"]
[Source "ChessBase"]
[SourceDate "2012.11.22"]
[SourceVersion "1"]
[SourceVersionDate "2012.11.22"]
[SourceQuality "1"]
[WhiteTeam "Trnava Lokomotiva"]
[BlackTeam "Dubnica nad Vahom II"]
[WhiteTeamCountry "SVK"]
[BlackTeamCountry "SVK"]

1. e4 c6 2. Nc3 d5 3. Nf3 Bg4 4. h3 Bxf3 5. Qxf3 e6 6. d3 Nf6 7. e5 Nfd7 8. Qg3 c5 9. Be2 Nc6 10. f4 Nd4 11. 0-0 g6 12. Bd1 h5 13. Ne2 h4 14. Qe1 Nf5 15. Nc3 a6 16. Bd2 b5 17. Bf3 Nb6 18. Nd1 c4 1/2-1/2